Detalles MARC
| 000 -ENCABEZADO |
| Número de control [NR] |
02602nam a2200373Ia 4500 |
| 005 - FECHA Y HORA DE LA ÚLTIMA TRANSACCIÓN |
| control field |
20170608110949.0 |
| 008 - DE LONGITUD FIJA DE DATOS DE ELEMENTOS - INFORMACIÓN GENERAL |
| Elementos de longitud fija [NR] |
130821s1999 xxu g q mlper d |
| 040 ## - FUENTE DE CATALOGACION [NR] |
| Agencia de catalogación original [NR] |
CO-BoUCM |
| Idioma de catalogación [NR] |
spa |
| Quien Cataloga |
|
| Quien Clasifica |
[Nuevo] |
| 092 ## - SIGNATURA TOPOGRAFICA LOCAL |
| Número de clasificación local |
DVD 0089 |
| 041 ## - CODIGO DE IDIOMA [R] |
| Código de idioma para texto/pista de sonido o título separado [R] |
Inglés |
| 245 04 - MENCION DE TITULO [NR] |
| Título [NR] |
The Color of Paradise |
| Mención de responsabilidad, etc. [NR] |
Majid Majidi, director |
| Medio físico [NR] |
[DVD] |
| 246 13 - FORMA VARIANTE DEL TITULO [R] |
| Título propiamente dicho/forma breve del título [NR] |
El color del paraiso |
| 246 13 - FORMA VARIANTE DEL TITULO [R] |
| Título propiamente dicho/forma breve del título [NR] |
Rang-e khoda |
| 260 ## - PUBLICACION, DISTRIBUCION, ETC. (PIE DE IMPRENTA) [R] |
| Lugar de publicación, distribución, etc. [R] |
Culver City (California, Estados Unidos) |
| Nombre del editor, distribuidor, etc. [R] |
Sony Pictures Classics |
| Fecha de publicación, distribución, etc. [R] |
1999 |
| 300 ## - DESCRIPCION FISICA [R] |
| Extensión [R] |
1 DVD [90 min] |
| Otros detalles físicos [NR] |
son, col |
| 490 #0 - MENCION DE SERIE [R] |
| Mención de serie [R] |
Sony Pictures Classics |
| 500 ## - NOTA GENERAL [R] |
| Nota general [NR] |
SINOPSIS : Mohammad es un chico ciego que estudia en un instituto especial en Teherán. Cuando llegan las vacaciones de verano regresa a su pueblo natal con su padre, sus dos hermanas y su abuela. Mohammad pasa las horas explorando la fértil primavera que cubre todo el perímetro de la escuela. Descubre la belleza de las flores y el nacimiento de los pájaros. Usa su extraordinario sentido del oído para descubrir el nido de los pájaros y devolverlos a su madre sanos y salvos. Es entonces cuando aparece su padre, Hashem, un hombre viudo que pregunta a sus profesores si el niño puede quedarse en el colegio de manera permanente. En vista de la negación de los profesores, el agrio Hashem debe cargar con su hijo desde Teheran hasta su casa, al norte de Irán. Allí, Mohammad entablará amistad con su abuela |
| 508 ## - NOTA DE CREDITOS DE CREACION/PRODUCCION [R] |
| Nota de créditos de creación/producción [NR] |
CRÉDITOS: Escrita y dirigida por Majid Majidi ; producida por Mehdi Karimi ; música por Alireza Kohandairy ; fotografía por Mohammad Davudi ; diseño de producción por Masood Madadi y Asghar Nezhadimani ; maquillaje por Mohsen Mossavi |
| 511 0# - NOTA DE PARTICIPANTE O INTERPRETE [R] |
| Nota de participante o intérprete [NR] |
REPARTO: Hossein Mahjoub, Mohsen Ramezani, Salameh Feyzi, Farahnaz Safari, Elham Sharifi, Behzad Rafi, Mohamad Rahmani, Morteza Fatemi, Kamal Mirkarimi, Masoome Zinati |
| 546 ## - NOTA DE IDIOMA [R] |
| Nota de idioma [NR] |
Audio en farsi (persa). Subtítulos en inglés, español y francés |
| 650 04 - ASIENTO SECUNDARIO DE MATERIA - TERMINO TEMATICO [R] |
| Término temático o nombre geográfico como elemento de entrada [NR] |
Entretenimiento |
| 9 (RLIN) |
26487 |
| 650 04 - ASIENTO SECUNDARIO DE MATERIA - TERMINO TEMATICO [R] |
| Término temático o nombre geográfico como elemento de entrada [NR] |
Niños ciegos en el cine |
| Subdivisión de forma [R] |
DVD |
| 9 (RLIN) |
20356 |
| 650 04 - ASIENTO SECUNDARIO DE MATERIA - TERMINO TEMATICO [R] |
| Término temático o nombre geográfico como elemento de entrada [NR] |
Padres e hijos |
| Subdivisión de forma [R] |
DVD |
| 9 (RLIN) |
20984 |
| 650 04 - ASIENTO SECUNDARIO DE MATERIA - TERMINO TEMATICO [R] |
| Término temático o nombre geográfico como elemento de entrada [NR] |
Películas cinematográficas |
| Subdivisión geográfica [R] |
Irán |
| Subdivisión de forma [R] |
DVD |
| 9 (RLIN) |
7903 |
| 650 04 - ASIENTO SECUNDARIO DE MATERIA - TERMINO TEMATICO [R] |
| Término temático o nombre geográfico como elemento de entrada [NR] |
Relaciones familiares |
| Subdivisión de forma [R] |
DVD |
| 9 (RLIN) |
8041 |
| 650 04 - ASIENTO SECUNDARIO DE MATERIA - TERMINO TEMATICO [R] |
| Término temático o nombre geográfico como elemento de entrada [NR] |
Sociología |
| 9 (RLIN) |
24766 |
| 700 1# - ASIENTO SECUNDARIO - NOMBRE PERSONAL [R] |
| Nombre personal [NR] |
Majidi, Majid |
| Término de relación [R] |
director |
| 9 (RLIN) |
63628 |
| 710 2# - ASIENTO SECUNDARIO - NOMBRE CORPORATIVO [R] |
| Nombre corporativo o de jurisdicción como elemento de entrada [NR] |
Civite Films |
| 9 (RLIN) |
63629 |
| 710 2# - ASIENTO SECUNDARIO - NOMBRE CORPORATIVO [R] |
| Nombre corporativo o de jurisdicción como elemento de entrada [NR] |
Varahonar Company |
| 9 (RLIN) |
63630 |
| 710 2# - ASIENTO SECUNDARIO - NOMBRE CORPORATIVO [R] |
| Nombre corporativo o de jurisdicción como elemento de entrada [NR] |
Sony Pictures Classics |
| 9 (RLIN) |
61703 |
| 765 0# - ASIENTO DE IDIOMA ORIGINAL [R] |
| Título [NR] |
Rang-e khoda |
| 856 40 - LOCALIZACION Y ACCESO ELECTRONICOS [R] |
| Identificador Uniforme del Recurso (“URI”) [R] |
<a href="http://www.youtube.com/watch?v=3_RvGYkUhEk">http://www.youtube.com/watch?v=3_RvGYkUhEk</a> |
| Nota dirigida al público [R] |
Siga este enlace para ver el trailer |
| -- |
Trailer tomado del canal Firouzan Films vía YouTube.com |
| 942 ## - ELEMENTOS DE ENTRADA AGREGADOS (KOHA) |
| Koha item type |
Multimedia |
| Source of classification or shelving scheme |
LOCAL |
| Tema principal |
Entretenimiento |
| Edition |
1 |
| Classification part |
DVD 0089 |